Electronic Circuits (Record no. 347938)
[ view plain ]
| 000 -LEADER | |
|---|---|
| fixed length control field | 00495nam a2200181Ia 4500 |
| 008 - FIXED-LENGTH DATA ELEMENTS--GENERAL INFORMATION | |
| fixed length control field | 230718s9999 xx 000 0 und d |
| 020 ## - INTERNATIONAL STANDARD BOOK NUMBER | |
| International Standard Book Number | 9780070634336 |
| 041 ## - LANGUAGE CODE | |
| Language code of text/sound track or separate title | eng |
| 082 ## - DEWEY DECIMAL CLASSIFICATION NUMBER | |
| Classification number | 621.3815'3 |
| Item number | NEA |
| 100 ## - MAIN ENTRY--PERSONAL NAME | |
| Personal name | Neamen D.A. |
| 245 ## - TITLE STATEMENT | |
| Title | Electronic Circuits |
| Remainder of title | Analysis And Design |
| 250 ## - EDITION STATEMENT | |
| Edition statement | 3rd ed. |
| 260 ## - PUBLICATION, DISTRIBUTION, ETC. (IMPRINT) | |
| Date of publication, distribution, etc. | 2019 |
| Name of publisher, distributor, etc. | McGraw Hill |
| 300 ## - PHYSICAL DESCRIPTION | |
| Extent | 1351 |
| Accompanying material [OBSOLETE, CAN/MARC] | Ref 893 E (27043) |
| 365 ## - TRADE PRICE | |
| Currency code | Rs. |
| Price amount | 865.00 |
| 700 ## - ADDED ENTRY--PERSONAL NAME | |
| Personal name | Neamen D.A. |
| 906 ## - LOCAL DATA ELEMENT F, LDF (RLIN) | |
| d | O:0600101-Aug-2018B:908820-Aug-2018 |
| c | SE |
| b | 3633 |
| Withdrawn status | Lost status | Damaged status | Not for loan | Home library | Current library | Date acquired | Vendor | Budget Code | Cost, normal purchase price | Bill number | Total Checkouts | Full call number | Barcode | Date last seen | Date last checked out | Discount | Cost, replacement price | Bill Date | Koha item type | Original Barcode |
|---|---|---|---|---|---|---|---|---|---|---|---|---|---|---|---|---|---|---|---|---|
| Cummins College of Engineering for Women Pune | Cummins College of Engineering for Women Pune | 01/08/2018 | The Forward Books | SE | 622.80 | 9088 | 6 | 621.3815'3 | CCEP-BK-59145 | 07/11/2025 | 31/10/2025 | 3633 | 865.00 | 20/08/2018 | Books | 059145 |